Historia de la música occidental

Saved in:
Bibliografiske detaljer
Hovedforfatter: Grout, Donald Jay (Author)
Andre forfattere: Palisca, Claude V. (autor)
Format: Bog
Sprog:spansk
Udgivet: Madrid Alianza 1990
Udgivelse:2a. ed
Serier:Colección Alianza Música, 15
Fag:
Tags: Tilføj Tag
Ingen Tags, Vær først til at tagge denne postø!

MARC

LEADER 00000nam a2200000 a 4500
001 UCQ8625
003 CL-VaPUC
005 20231020111645.0
008 981210e19900000SP |||||||||||||||||spa|d
999 |c 277839  |d 277837 
040 |c Pontificia Universidad Católica de Valparaíso 
082 0 4 |a 780.9 GRO 1990  |2 21 
100 |a Grout, Donald Jay  |e author  |9 611973 
245 1 0 |a Historia de la música occidental 
250 |a 2a. ed 
260 |a Madrid  |b Alianza  |c 1990 
300 |a v 
490 0 |a Colección Alianza Música, 15 
583 |a last modification  |c 19981210 00:00:00  |k Rodrigo Vera 
650 0 |a Historia de la música  |9 306741 
650 0 |a Música moderna  |2 CL-VaPUC  |9 349683 
650 0 |a Música clásica  |9 349684 
650 0 |a Música medieval  |9 391244 
650 0 |a Música barroca  |9 306256 
650 0 |a Música renacentista  |9 391249 
650 0 |a Romanticismo en la música  |9 306753 
650 0 |a Música religiosa  |9 372199 
650 0 |a Ópera  |2 CL-VaPUC  |9 306284 
700 |a Palisca, Claude V.  |e autor  |9 590699 
942 |c BK  |2 ddc 
945 |d 19981210 00:00:00  |a aarredon 
952 |0 0  |1 0  |4 0  |6 780_900000000000000_GRO_1990  |7 0  |8 A  |9 316064  |a BIBEDU  |b BIBEDU  |d 2019-11-20  |h v.1  |i 3491021  |o 780.9 GRO 1990  |p 3491021  |r 2023-01-12  |w 2019-11-20  |y BK  |k MUS 
952 |0 0  |1 0  |4 0  |6 780_900000000000000_GRO_1990  |7 0  |8 A  |9 316065  |a BIBEDU  |b BIBEDU  |d 2019-11-20  |h v.1  |i 3576671  |o 780.9 GRO 1990  |p 3576671  |r 2023-01-12  |w 2019-11-20  |y BK  |k MUS 
952 |0 0  |1 0  |4 0  |6 780_900000000000000_GRO_1990  |7 0  |8 A  |9 316066  |a BIBEDU  |b BIBEDU  |d 2019-11-20  |h v.2  |i 357668K  |o 780.9 GRO 1990  |p 357668K  |r 2023-01-12  |w 2019-11-20  |y BK  |k MUS 
952 |0 0  |1 0  |4 0  |6 780_900000000000000_GRO_1990  |7 0  |8 A  |9 316067  |a BIBEDU  |b BIBEDU  |d 2019-11-20  |h v.1  |i 3625672  |o 780.9 GRO 1990  |p 3625672  |r 2023-01-12  |w 2019-11-20  |y BK  |k MUS 
952 |0 0  |1 0  |4 0  |6 780_900000000000000_GRO_1990  |7 0  |8 A  |9 316068  |a BIBEDU  |b BIBEDU  |d 2019-11-20  |h v.1  |i 3625680  |o 780.9 GRO 1990  |p 3625680  |r 2023-01-12  |w 2019-11-20  |y BK  |k MUS 
952 |0 0  |1 0  |4 0  |6 780_900000000000000_GRO_1990  |7 0  |8 A  |9 316069  |a BIBEDU  |b BIBEDU  |d 2019-11-20  |h v.2  |i 3625702  |o 780.9 GRO 1990  |p 3625702  |r 2023-01-12  |w 2019-11-20  |y BK  |k MUS 
952 |0 0  |1 0  |4 0  |6 780_900000000000000_GRO_1990  |7 0  |8 A  |9 316070  |a BIBEDU  |b BIBEDU  |d 2019-11-20  |h v.2  |i 3625710  |o 780.9 GRO 1990  |p 3625710  |r 2023-01-12  |w 2019-11-20  |y BK  |k MUS 
952 |0 0  |1 0  |4 0  |6 780_900000000000000_GRO_1990  |7 0  |8 A  |9 316071  |a BIBEDU  |b BIBEDU  |d 2019-11-20  |h v.2  |i 3625729  |o 780.9 GRO 1990  |p 3625729  |r 2023-01-12  |w 2019-11-20  |y BK  |k MUS 
952 |0 0  |1 0  |4 0  |6 780_900000000000000_GRO_1990  |7 0  |8 A  |9 316072  |a BIBEDU  |b BIBEDU  |d 2019-11-20  |h v.2  |i 3416437  |o 780.9 GRO 1990  |p 3416437  |r 2023-01-12  |w 2019-11-20  |y BK  |k MUS 
952 |0 0  |1 0  |4 0  |6 780_900000000000000_GRO_1990  |7 0  |8 A  |9 316074  |a BIBEDU  |b BIBEDU  |d 2019-11-20  |h v.1  |i 3416429  |o 780.9 GRO 1990  |p 3416429  |r 2023-01-12  |w 2019-11-20  |y BK  |k MUS